000 00405nam a2200145Ia 4500
008 230917s9999||||xx |||||||||||||| ||und||
040 _e242727
_aMAIN
041 _aEnglish
082 _a373 Y84E
100 _aYougesh
245 0 _aEffect of self-confidence on academic achievement and risk-taking behaviour among senior secondary school students
260 _c2013
300 _a96 p.
942 _cTH
999 _c127312
_d127312